Địa lý hình thể đại cương; T1 Thái dương hệ và địa cầu

محفوظ في:
التفاصيل البيبلوغرافية
المؤلف الرئيسي: Lê Hoàng Văn
التنسيق: كتاب
اللغة:Undetermined
منشور في: Liên Châu 1975
الموضوعات:
الوسوم: إضافة وسم
لا توجد وسوم, كن أول من يضع وسما على هذه التسجيلة!
Thư viện lưu trữ: Trung tâm Học liệu Trường Đại học Cần Thơ
LEADER 00499nam a2200169Ia 4500
001 CTU_10188
008 210402s9999 xx 000 0 und d
082 |a 910 
082 |b V115/T1 
100 |a Lê Hoàng Văn 
245 0 |a Địa lý hình thể đại cương; T1 
245 0 |b Thái dương hệ và địa cầu 
245 0 |c Lê Hoàng Văn 
260 |b Liên Châu 
260 |c 1975 
650 |a geography 
980 |a Trung tâm Học liệu Trường Đại học Cần Thơ